000 00711nam a2200241Ia 4500
003 OSt
005 20220926034837.0
006 a|||||r|||| 00| 0
007 ta
008 220923b |||||||| |||| 00| 0 eng d
020 _a0470847913
037 _cGeneral Book
040 _aRTL
_cRTL
_beng
041 _2eng
_aeng
082 _aU435:(G:55), P3
100 _aPhillips Christine
_9341285
245 0 _aSustainable place
_b A place of sustainable develop
260 _aWest-Sussex
_bWiley Academy
_c2003
300 _axi, 218p. Bibliography p.213-
_ccm.
650 _aUrban Geography
942 _hU435:(G:55), P3
_cGB
_2CC
999 _c660533
_d660533